Dígalo con memes /
Guardado en:
| Autor Principal: | |
|---|---|
| Formato: | Libro |
| Idioma: | Undetermined |
| Publicado: |
Buenos Aires :
Fight Games,
2025.
|
| Edición: | 1a ed. |
| Materias: | |
| Etiquetas: |
Agregar Etiqueta
Sin Etiquetas, Sea el primero en etiquetar este registro!
|
| LEADER | 00946nam a22001935a 4500 | ||
|---|---|---|---|
| 001 | CEM.cems024900 | ||
| 008 | 250910s2025####ag############000#0#und#d | ||
| 005 | 20250910084718.0 | ||
| 245 | 1 | 0 | |a Dígalo con memes / |c Figth Games. |
| 250 | |a 1a ed. | ||
| 260 | |a Buenos Aires : |b Fight Games, |c 2025. | ||
| 300 | |a 1 juego. Contiene 240 cartas de situación, 80 cartas de imagen. | ||
| 500 | |a De 2 a infinitos jugadores / Para más de 16 años / Tiempo de juego de 30 a 90 minutos. /.¿Querías un juego fácil? ¿Divertido? ¿Ilegalmente gracioso? Dígalo con Memes es todo eso y un poquito más. Un juego donde combinás memes con frases para crear el dúo más ridículo, bizarro, absurdo o dolorosamente real y hacer reír hasta al más ortiva del grupo. | ||
| 100 | 1 | |a Figth Games. | |
| 653 | |a Juegos de palabras | ||
| 653 | |a Juegos de mesa | ||
| 653 | |a Estrategia | ||
| 653 | |a Juegos de cartas | ||
| 859 | |a CEMS |b BIB. CEMS - Agricultura |h A3 |p A3980.25 |t Ej.1 | ||
